| 000 | 00435nam a2200181Ia 4500 | ||
|---|---|---|---|
| 003 | GCL | ||
| 008 | 140319s9999 xx 000 0 eng d | ||
| 040 |
_aGCL / _cGCL |
||
| 082 | 0 | 4 |
_a746.442 _bA K |
| 100 | 1 | _aAWEGE, GAYNA | |
| 245 | 1 | 0 |
_aKELIM CANVAS WORK / _cAWEGE, GAYNA |
| 260 |
_a[S.N] : _bSEARCH PRESS LTD ، _c1988 |
||
| 300 | _a48 | ||
| 650 | 0 | 4 | _aHANDCRAFT |
| 650 | 0 | 4 | _aNEDDLE WORKS |
| 650 | 0 | 4 | _aCANVAS |
| 942 |
_2ddc _cBK |
||
| 999 |
_c24129 _d24129 |
||